Statistiken für Ergebnisdiagramm der Fußball-Weltmeisterschaft 1994

Klicken Sie hier um das Quiz zu spielen!

Allgemein

  • Dieses Quiz wurde 58 mal gespielt
  • Das Durchschnittsergebnis liegt bei 19 aus 24

Antwortstatistiken

Nation % Korrekt
Italien
100%
Brasilien
100%
Spanien
100%
Deutschland
100%
Argentinien
93%
Südkorea
93%
Schweden
93%
Belgien
93%
Mexiko
93%
USA
90%
Kolumbien
88%
Niederlande
88%
Kamerun
80%
Russland
78%
Schweiz
78%
Bulgarien
78%
Nigeria
71%
Rumänien
71%
Norwegen
66%
Bolivien
66%
Irland
56%
Griechenland
49%
Saudi-Arabien
41%
Marokko
39%

Verteilung der Resultate

Perzentil nach korrekt beantworteten Fragen

Anzahl Personen mit jedem Resultat

Ihre Resultats-Entwicklung

Sie haben dieses Quiz noch nicht gespielt